000 01618cam a2200301 4500
008 040913t2013 000 0 eng u
041 _aeng
110 2 _aRoyal Institution of Chartered Surveyors
_94900
245 0 0 _aRICS Professional Competency Mapping Framework for Programme Appraisal and Benchmarking
_h[electronic resource]
260 _aLondon
_bRICS
_cSeptember 2013
300 _a80p.
490 0 _aRICS Research
520 _aThe research undertaken has relevance for RICS in highlighting the importance of the links between the curricula of accredited courses and the APC competencies (Assessment of Professional Competence). The paper raises a number of pertinent recommendations, and through current developments in relation to RICS accreditation policy, have already been addressed in a proactive and positive way by the RICS. The research was independently carried out through the funding support of the RICS Research Trust and therefore provides an independent, arm’s length review of the issues surrounding competency mapping framework in RICS accredited courses.
650 2 4 _aSURVEYING PROFESSION
650 2 4 _aEDUCATION
650 2 4 _aAPC
651 4 _aUnited Kingdom
690 _aRICS
_96277
700 1 _aPerera, Srinath
700 1 _aPearson, John
700 1 _aZhou, Lei
700 1 _aEkundayo, Damilola
700 1 _aEriksson, Clare
700 1 _aRowlands, James
700 1 _aJohal, Amanprit
856 4 8 _uhttp://www.propertyresearchtrust.org/uploads/1/3/4/8/134819607/competency_mapping_framework.pdf
_zAvailable from the Property Research Trust
942 _n0
_2ddc
999 _c121758
_d121758